時空之海

資料類型: Book 圖書   書目號:41668

Leader xxxxxxxxxx
001 __ PCLIS00041668
005 __  20030326182531.0
008 __  chi
010 0_ |a957-612-342-9|b平裝|d新臺幣200元
020 __ |acw|b85000529
090 __ |a(nbi)b11017685
100 __ |a19960115d1996       y0chiy0109    e
101 0_ |achi
102 __ |acw
105 __ |ay   z   000cy
200 1_ |a時空之海|e|f陳之藩著
205 __ |a初版
210 __ |a臺北市|c遠東|d民85[1996]
215 0_ |a[9],169面|c|d21公分
225 __ |a|v
260 1_ |a1996
300 __ |a
681 __ |a855|b8765
700 _1 |a|b之藩|4
702 __ |a|b|4
801 _0 |acw|bCCU|c19960302|gCCR
801 _2 |acw|bTUL|c20000711
856 __ |uhttp://www.fareast.com.tw/|z遠東圖書公司|2http

詳細館藏(共 1 筆)
索 書 號登 錄 號冊次號館別 / 館藏地流通類型狀態加入預約清單電子資源
855 / 8765 2017431  圖書館 / 一樓普通區 可外借30天 在館   

| 條列資料




目錄查詢 分類查詢 個人資料 圖書薦購 新書查詢 閉館日 排行榜 更多電子資源 Hami書城 線上資料庫 登出

From : 216.73.216.116

  本日流通累計至 07:44:56 借閱 : 0 次 續借 : 0 次 歸還 : 0 次 預約 : 0 次 電子資源 : 0 次


內湖高中圖書館  PCLIS 版本  25.5.0.2